000 00296nam a22001217a 4500
999 _c9712
_d9712
003 OSt
005 20211217170012.0
008 211217b ||||| |||| 00| 0 eng d
100 _aParkinson A C
245 _aIntermediate engineering drawing
260 _aEnglish language book society
942 _2ddc